| 000 | 00555 a2200169 4500 | ||
|---|---|---|---|
| 999 |
_c2152 _d2152 |
||
| 020 | _a9780335235827 | ||
| 050 | _aLB1028 PEL 2010 | ||
| 100 |
_aBell ,Judith _eauthor |
||
| 245 |
_aDoing your research project : _ba guide for first time researchers in education,health and social science / _cJudith Bell |
||
| 250 | _a5th ed | ||
| 264 |
_aEngland: _bMcGraw-Hill, _c2010 |
||
| 300 |
_a277p. : _bill. |
||
| 500 | _aIncludes index | ||
| 650 | _aEducation -- Research -- Methodology. | ||
| 650 | _aSocial sciences -- Research. | ||
| 942 |
_2lcc _cBK _h1028 _iPEL _kLB |
||